000 00809cam a2200217 4500
001 WB3714-08
008 000000n2001 000 0 eng u
035 _a(Sirsi) u111786
245 _aIR35
260 _c2001
490 _aFinancial Times
_v 3 April 2001, 4&18,(2)
520 _aThe judicial review has confirmed that the Inland Revenue could treat certain contractors as employees for income tax and national insurance purposes. This means that more consultants will be paying more tax. Government must hope that this does not cause and exodus of skilled workers from Britain.
590 _aWB
650 _aIR35
650 _aJUDICIAL REVIEW
650 _aINCOME TAX
650 _aNATIONAL INSURANCE
650 _aWORKING PRACTICES
690 _aMANAGEMENT-BUSINESS MANAGEMENT
942 _n0
999 _c66608
_d66608